| 000 | 00871nam a2200205Ia 4500 | ||
|---|---|---|---|
| 999 |
_c37821 _d37821 |
||
| 001 | 3798 | ||
| 003 | GE_BSU | ||
| 005 | 20190809171557.0 | ||
| 008 | 181216s1972||||ge |||||||||||||| ||geo|| | ||
| 040 | _cGE_BSU | ||
| 041 | _ageo | ||
| 080 | _a008(479.22) ბ–13 | ||
| 100 |
_aბაბუნაშვილი, ზ. _93498 |
||
| 245 |
_aქართული საბჭოთა კულტურა ნახევარი საუკუნის მანძილზე / _cრედ. ო. გრატიაშვილი. |
||
| 264 |
_aთბილისი : _bსაბჭოთა საქართველო, _c1972. |
||
| 300 |
_a233 გვ. ; _b21 სმ. |
||
| 653 | _aქართული კულტურის ისტორია | ||
| 700 |
_aგრატიაშვილი, ო. _eრედაქტორი _93499 |
||
| 942 |
_cBK _2udc |
||